| 000 | 00833nam a22001817a 4500 | ||
|---|---|---|---|
| 003 | IT-RoPau | ||
| 005 | 20220918181105.0 | ||
| 008 | 130515b xxu||||| |||| 00| 0 eng d | ||
| 040 | _cIT-RoPau | ||
| 100 |
_aCentro di Promozione e Formazione _9546 |
||
| 245 | _aLe comunità paoline nell'attività apostolica di Paolo | ||
| 250 | _a1° ed | ||
| 260 |
_aRoma _bSSP _c1984 |
||
| 300 |
_a23 pp. _c30 cm |
||
| 490 |
_aIl Religioso paolino nella sua comunità _v11° Vol. |
||
| 520 | _aIndice Presentazione Introduzione Le comunità Allevate da Paolo a. La Comunità di Tessalonica b. La Comunità di Corinto c. Le Comunità della Galazia d. La Comunità Romana e. La Comunità di Filippi La Tecnica Fondazionale Paolina Bilancio dell'Esperienza Comunitaria Paolina Ricerca Comunitaria Note Sussidi bibliografici | ||
| 942 |
_2ddc _cBK |
||
| 999 |
_c98531 _d98531 |
||